书目信息 |
| 题名: |
瑜伽新史
|
|
| 作者: | 希勒 著 ;罗金 , 潘丽妃 译 | |
| 分册: | ||
| 出版信息: | 北京 社会科学文献出版社 2024.01 |
|
| 页数: | 560页 | |
| 开本: | 21cm | |
| 丛书名: | 方寸·新知课 | |
| 单 册: | ||
| 中图分类: | R793.51 | |
| 科图分类: | ||
| 主题词: | 瑜伽--yu jia--文化史 | |
| 电子资源: | ||
| ISBN: | 978-7-5228-2443-7 | |
| 000 | 01942nam 2200325 450 | |
| 001 | 94658 | |
| 005 | 20250820192832.13 | |
| 010 | @a978-7-5228-2443-7@b精装@dCNY128.00 | |
| 100 | @a20240306d2024 em y0chiy50 ea | |
| 101 | 1 | @achi@ceng |
| 102 | @aCN@b110000 | |
| 105 | @aa z 001yy | |
| 106 | @ar | |
| 200 | 1 | @a瑜伽新史@Ayu jia xin shi@e从古印度到现代西方@f(英) 阿利斯戴尔·希勒著@d= The story of yoga@efrom Ancient India to the Modern West@fAlistair Shearer@g罗金, 潘丽妃译@zeng |
| 210 | @a北京@c社会科学文献出版社@d2024.01 | |
| 215 | @a560页@c图@d21cm | |
| 225 | 2 | @a方寸·新知课@Afang cun · xin zhi ke@v031 |
| 314 | @a阿利斯戴尔·希勒 (Alistair Shearer), 文化史学者, 研究方向为印度次大陆艺术史和建筑史。曾在伦敦大学亚非学院 (SOAS University of London) 教授冥想和瑜伽心理学。翻译出版了瑜伽经典著作《瑜伽经》(YogaSutras)。罗金, 贵州财经大学外语学院英语系讲师, 四川大学文学博士。中国翻译协会专家会员。长期从事文学翻译、翻译史研究工作。潘丽妃, 四川大学外国语学院英文系助理研究员, 四川大学文学博士、比利时根特大学东方语言与文化专业博士。主要从事汉文佛典外译研究, 教授英文写作及翻译课程。 | |
| 320 | @a有索引 | |
| 330 | @a本书将瑜伽置于全球文化背景下进行讨论, 从神秘的宗教仪式和中世纪的身体魔术师, 到基督教和大英帝国, 再到印度民族主义者和二十世纪的西方。瑜伽现在已经融入了强大的社会潮流中, 包括女性权利, 数字媒体, 名人文化, 压力文化和对真实身份的追求等。作者主要以“身体瑜伽”和“心灵瑜伽”为对象, 对“瑜伽”的起源、诞生环境、演变历程, 以及它在现代社会中的地位进行了深入探讨。 | |
| 410 | 0 | @12001 @a方寸·新知课@v031 |
| 500 | 10 | @aStory of yoga : from Ancient India to the Modern West@mChinese |
| 517 | 1 | @a从古印度到现代西方@Acong gu yin du dao xian dai xi fang |
| 606 | 0 | @a瑜伽@Ayu jia@x文化史 |
| 690 | @aR793.51@v5 | |
| 701 | 1 | @a希勒@Axi le@g(Shearer, Alistair)@4著 |
| 702 | 0 | @a罗金@Aluo jin@4译 |
| 702 | 0 | @a潘丽妃@Apan li fei@4译 |
| 801 | 0 | @aCN@c20250909 |
| 905 | @a河南城建学院图书馆@dR793.51@eX121@f1 | |
| 瑜伽新史:从古印度到现代西方/(英) 阿利斯戴尔·希勒著= The story of yoga:from Ancient India to the Modern West/Alistair Shearer/罗金, 潘丽妃译.-北京:社会科学文献出版社,2024.01 |
| 560页:图;21cm.-(方寸·新知课;031) |
| ISBN 978-7-5228-2443-7(精装):CNY128.00 |
| 本书将瑜伽置于全球文化背景下进行讨论, 从神秘的宗教仪式和中世纪的身体魔术师, 到基督教和大英帝国, 再到印度民族主义者和二十世纪的西方。瑜伽现在已经融入了强大的社会潮流中, 包括女性权利, 数字媒体, 名人文化, 压力文化和对真实身份的追求等。作者主要以“身体瑜伽”和“心灵瑜伽”为对象, 对“瑜伽”的起源、诞生环境、演变历程, 以及它在现代社会中的地位进行了深入探讨。 |
| ● |
| 相关链接 |
|
|
|
正题名:瑜伽新史
索取号:R793.51/X121
 
预约/预借
| 序号 | 登录号 | 条形码 | 馆藏地/架位号 | 状态 | 备注 |
| 1 | 1628864 | 216288648 | 自科库401/401自科库 22排1列5层/ [索取号:R793.51/X121] | 在馆 |